Flags of Separatist Movements in Indonesia - Statistics

General Stats
  • This quiz has been taken 9 times
  • The average score is 5 of 11
Answer Stats
Picture Hint Answer % Correct
Governed by Shari'a law Aceh
88%
Island that is majority Hindu Bali
88%
Wants unification with Papua New Guinea West Papua
75%
Wants unification with Timor-Leste West Timor
63%
2/3 of Borneo Kalimantan
50%
Easternmost islands Maluku
38%
Culturally similar to Malaysia Riau
38%
Sulawesi Minahasa
25%
Western coast of Sumatra Batakland
13%
Western Java Pasundan
13%
Archipelago islands Sumbawa
13%
No matching quizzes found
Score Distribution
Percent of People with Each Score
Percentile by Number Answered
Your Score History
You have not taken this quiz